[Event "Menorca op 3rd"]
[Site "Ciutadella de Menorca"]
[Date "2024.04.04"]
[Round "5"]
[White "Saine, Zachary"]
[Black "Amoros Moran, Jose Joaquin"]
[Result "1-0"]
[WhiteElo "2032"]
[BlackElo "1899"]
[PlyCount "91"]
[EventDate "2024.04.02"]
[EventType "swiss"]
[EventRounds "9"]
[EventCountry "ESP"]
[SourceTitle "CB15_2024"]
[SourceDate "2024.04.10"]
[SourceVersion "1"]
[SourceVersionDate "2024.04.10"]
[SourceQuality "1"]

1. e4 c5 2. Nf3 d6 3. d4 cxd4 4. Nxd4 Nf6 5. Nc3 Nc6 6. Bg5 e6 7. Qd2 a6 8. 0-0-0 Bd7 9. Kb1 Be7 10. h4 Qc7 11. Be2 0-0-0 12. g4 Kb8 13. Rhg1 Rc8 14. Be3 Rhd8 15. g5 Ne8 16. f4 Nxd4 17. Bxd4 b5 18. a3 Qb7 19. Qe3 Bf8 20. h5 Bc6 21. g6 hxg6 22. hxg6 f6 23. Bg4 Bd7 24. Bb6 Nc7 25. Ba5 Qc6 26. Bf3 e5 27. f5 Qb7 28. Rh1 Bc6 29. Nd5 Bxd5 30. exd5 Rd7 31. Rh8 Be7 32. Rdh1 Rdd8 33. R8h7 Bf8 34. Rh8 Be7 35. R8h7 Bf8 36. R1h4 Rd7 37. c4 Na8 38. cxb5 axb5 39. Rb4 Rc5 40. Rh8 Qc8 41. Rg8 Nc7 42. Qd3 Ka7 43. a4 Qb8 44. Rb3 Na6 45. axb5 Rb7 46. b6+ 1-0

[Event "Menorca op 3rd"]
[Site "Ciutadella de Menorca"]
[Date "2024.04.03"]
[Round "3"]
[White "Saine, Zachary"]
[Black "Van Foreest, Machteld"]
[Result "0-1"]
[WhiteElo "2032"]
[BlackElo "2332"]
[PlyCount "88"]
[EventDate "2024.04.02"]
[EventType "swiss"]
[EventRounds "9"]
[EventCountry "ESP"]
[SourceTitle "CB15_2024"]
[SourceDate "2024.04.10"]
[SourceVersion "1"]
[SourceVersionDate "2024.04.10"]
[SourceQuality "1"]

1. e4 e6 2. d4 d5 3. Nc3 dxe4 4. Nxe4 Nd7 5. Nf3 Ngf6 6. Nxf6+ Nxf6 7. Bd3 Be7 8. 0-0 0-0 9. Bg5 Qd6 10. Re1 Rd8 11. Ne5 h6 12. Bxf6 Bxf6 13. Qh5 Bxe5 14. dxe5 Qb4 15. Re4 Qxb2 16. Rae1 Bd7 17. Rf4 Be8 18. Qg4 Rd5 19. Rfe4 Rad8 20. h3 Bb5 21. Bxb5 Rxb5 22. Qh4 Rbd5 23. Kh2 Rd4 24. R1e3 R8d5 25. Rxd4 Qxd4 26. Re4 Qd2 27. c4 Rd7 28. Rg4 g6 29. Qf6 Qc2 30. Rf4 c5 31. h4 Qe2 32. g4 Kh7 33. Kg2 Qxa2 34. h5 g5 35. Re4 Qb3 36. f3 a5 37. Kg3 a4 38. Kh3 a3 39. Re2 Qd3 40. Rf2 Qc3 41. Kg2 Qxc4 42. f4 a2 43. fxg5 Qxg4+ 44. Kh2 Qxh5+ 0-1

[Event "Reykjavik op"]
[Site "Reykjavik"]
[Date "2024.03.20"]
[Round "8"]
[White "Vega, Isaac"]
[Black "Saine, Zachary"]
[Result "0-1"]
[WhiteElo "1818"]
[BlackElo "2010"]
[PlyCount "63"]
[EventDate "2024.03.15"]
[EventType "swiss"]
[EventRounds "9"]
[EventCountry "ISL"]
[SourceTitle "CB13_2024"]
[SourceDate "2024.03.27"]
[SourceVersion "1"]
[SourceVersionDate "2024.03.27"]
[SourceQuality "1"]

1. e4 e5 2. Nf3 Nc6 3. Bb5 a6 4. Ba4 Nf6 5. 0-0 b5 6. Bb3 Be7 7. Re1 d6 8. c3 0-0 9. h3 Na5 10. Bc2 d5 11. Nxe5 dxe4 12. d4 exd3 13. Bxd3 Bb7 14. Nd2 Re8 15. Ndf3 Qd5 16. Bf4 c5 17. b3 c4 18. bxc4 Nxc4 19. Nxc4 bxc4 20. Bc2 Ba3 21. Qxd5 Nxd5 22. Rxe8+ Rxe8 23. Ba4 Re2 24. Rb1 Rb2 25. Re1 Nxf4 26. Re8+ Bf8 27. Ne5 Rxa2 28. Nd7 Ne6 29. Nb6 Rxa4 30. Rxf8+ Kxf8 31. Nxa4 Bc6 32. Kf1 0-1

[Event "Cambridge op 2nd"]
[Site "Cambridge"]
[Date "2024.02.23"]
[Round "8"]
[White "Saine, Zachary"]
[Black "Martyn, Rafe"]
[Result "1-0"]
[WhiteElo "2005"]
[BlackElo "2206"]
[PlyCount "71"]
[EventDate "2024.02.19"]
[EventType "swiss"]
[EventRounds "9"]
[EventCountry "ENG"]
[SourceTitle "CB09_2024"]
[SourceDate "2024.02.28"]
[SourceVersion "1"]
[SourceVersionDate "2024.02.28"]
[SourceQuality "1"]

1. e4 c5 2. Nf3 Nc6 3. d4 cxd4 4. Nxd4 Nf6 5. Nc3 e5 6. Ndb5 d6 7. Nd5 Nxd5 8. exd5 Nb8 9. a4 a6 10. Na3 Be7 11. Be2 0-0 12. Bd2 a5 13. Bb5 f5 14. Qe2 Na6 15. Nc4 Nc5 16. b4 axb4 17. Bxb4 Qc7 18. f4 exf4 19. Bxc5 f3 20. Bb6 fxg2 21. Qxg2 Bh4+ 22. Kd1 Qe7 23. Qe2 Qf6 24. Ra3 f4 25. Bf2 f3 26. Qe3 Bg5 27. Qc3 Qf4 28. Ne3 Bf5 29. Qc4 Be4 30. Bg3 Bxc2+ 31. Qxc2 Qd4+ 32. Rd3 Qa1+ 33. Qc1 Qa2 34. Ra3 Qg2 35. Nxg2 fxg2 36. Rg1 1-0

[Event "Cambridge op 2nd"]
[Site "Cambridge"]
[Date "2024.02.19"]
[Round "1"]
[White "De Coverly, Roger D"]
[Black "Saine, Zachary"]
[Result "0-1"]
[WhiteElo "1852"]
[BlackElo "2005"]
[PlyCount "178"]
[EventDate "2024.02.19"]
[EventType "swiss"]
[EventRounds "9"]
[EventCountry "ENG"]
[SourceTitle "CB09_2024"]
[SourceDate "2024.02.28"]
[SourceVersion "1"]
[SourceVersionDate "2024.02.28"]
[SourceQuality "1"]

1. e4 e5 2. Nf3 Nc6 3. Bb5 a6 4. Ba4 Nf6 5. 0-0 b5 6. Bb3 Be7 7. Re1 d6 8. c3 0-0 9. d4 Bg4 10. d5 Nb8 11. h3 Bh5 12. Nbd2 h6 13. Nf1 Nh7 14. Ng3 Bg6 15. Qe2 Nd7 16. Nf5 Nc5 17. Bc2 Kh8 18. Bd2 Ng5 19. b4 Nd7 20. a4 Nxf3+ 21. Qxf3 Bg5 22. Be3 Bxe3 23. Rxe3 Nb6 24. Re2 Qg5 25. h4 Qf6 26. g3 Bh7 27. Kg2 g6 28. Ne3 Qxf3+ 29. Kxf3 f5 30. a5 Nd7 31. Nf1 fxe4+ 32. Kg2 Nf6 33. Ne3 g5 34. hxg5 hxg5 35. g4 c6 36. Rd1 cxd5 37. Nxd5 Nxg4 38. Nc7 Ra7 39. Ne6 Rf6 40. Rxd6 Bg8 41. Bb3 e3 42. f3 Nh6 43. Rd8 Nf5 44. Nxg5 Rg7 45. Rxg8+ Rxg8 46. Bxg8 Rg6 47. Bd5 Rxg5+ 48. Kh2 Kg7 49. Be4 Kf6 50. Bxf5 Kxf5 51. Rxe3 Kf4 52. Rd3 Rg6 53. Kh1 Kg3 54. Kg1 Rf6 55. Rd5 Re6 56. Rd3 Rf6 57. Rd5 Rf5 58. Rd6 Kxf3 59. Rxa6 e4 60. Re6 Rd5 61. a6 Rd1+ 62. Kh2 Rd2+ 63. Kg1 Rd1+ 64. Kh2 Ra1 65. Rf6+ Ke2 66. Kg2 e3 67. Rd6 Ra3 68. Re6 Rxc3 69. a7 Ra3 70. Re7 Ra2 71. Kg3 Kd2 72. Kf3 Ra3 73. Kg2 e2 74. Kf2 Rxa7 75. Rxe2+ Kc3 76. Re4 Ra4 77. Re3+ Kxb4 78. Ke1 Ra3 79. Re8 Rd3 80. Rc8 Kb3 81. Ke2 Rd7 82. Rc5 b4 83. Rc8 Kb2 84. Rc4 b3 85. Rc8 Kb1 86. Rc6 b2 87. Rc8 Ra7 88. Kd2 Ka2 89. Rc2 Ka1 0-1

[Event "Cambridge op 2nd"]
[Site "Cambridge"]
[Date "2024.02.19"]
[Round "2"]
[White "Saine, Zachary"]
[Black "Pereslavtsev, Alexandr"]
[Result "0-1"]
[WhiteElo "2005"]
[BlackElo "1696"]
[PlyCount "70"]
[EventDate "2024.02.19"]
[EventType "swiss"]
[EventRounds "9"]
[EventCountry "ENG"]
[SourceTitle "CB09_2024"]
[SourceDate "2024.02.28"]
[SourceVersion "1"]
[SourceVersionDate "2024.02.28"]
[SourceQuality "1"]

1. e4 c5 2. Nf3 e6 3. d4 cxd4 4. Nxd4 a6 5. Bd3 Bc5 6. Nb3 Ba7 7. Qe2 Nc6 8. Be3 Nge7 9. f4 d6 10. 0-0 0-0 11. c4 Nb4 12. Nc3 Nxd3 13. Qxd3 Nc6 14. Bxa7 Rxa7 15. Rad1 Qb6+ 16. Kh1 Rd8 17. f5 Qc7 18. f6 gxf6 19. Qg3+ Kh8 20. Qh4 Qe7 21. Rxf6 Ne5 22. Rdf1 Rg8 23. c5 dxc5 24. Qh5 Qd6 25. Nd5 b5 26. Rh6 f5 27. Nf6 Qe7 28. Nxh7 Qxh7 29. Qh4 Ng4 30. Rxh7+ Rxh7 31. Qe1 Nxh2 32. Qc3+ Rgg7 33. g4 b4 34. Qxc5 Nxg4+ 35. Kg2 Ne5+ 0-1

[Event "Monsaraz op"]
[Site "Monsaraz"]
[Date "2023.11.24"]
[Round "6"]
[White "Castillo Sanz, Javier"]
[Black "Saine, Zachary"]
[Result "0-1"]
[WhiteElo "1694"]
[BlackElo "1956"]
[PlyCount "121"]
[EventDate "2023.11.21"]
[EventType "swiss"]
[EventRounds "9"]
[EventCountry "POR"]
[SourceTitle "CB49_2023"]
[SourceDate "2023.12.06"]
[SourceVersion "1"]
[SourceVersionDate "2023.12.06"]
[SourceQuality "1"]

1. d4 Nf6 2. Bf4 c5 3. d5 d6 4. Nc3 g6 5. e4 Bg7 6. Nf3 0-0 7. Bc4 Qa5 8. 0-0 b5 9. Nxb5 Nxe4 10. Qd3 a6 11. Nbd4 Nf6 12. Nb3 Qa4 13. Bc1 Bf5 14. Qe2 Nbd7 15. Nbd2 Nb6 16. Bb3 Qd7 17. c4 a5 18. a3 Rae8 19. Nh4 e6 20. Nxf5 exf5 21. Qd3 Re7 22. Bd1 Rfe8 23. Rb1 Ne4 24. Nf3 Qc7 25. Be3 Rb8 26. Qc2 h6 27. h4 Qc8 28. Be2 Ng3 29. Rfe1 Nxe2+ 30. Rxe2 Qa6 31. b3 a4 32. bxa4 Rbe8 33. Rbe1 Qxc4 34. a5 Qxc2 35. Rxc2 Nxd5 36. Bd2 Rxe1+ 37. Bxe1 Nc7 38. Bd2 Na6 39. Kf1 d5 40. Bf4 c4 41. Be3 Re4 42. Bb6 c3 43. g3 d4 44. Ne1 Kf8 45. Nd3 Ke7 46. Re2 Kd6 47. f3 Rxe2 48. Kxe2 Kc6 49. Nc1 Kb5 50. Kd3 Nc5+ 51. Bxc5 Kxc5 52. a4 Be5 53. f4 Bc7 54. Nb3+ Kd5 55. Nxd4 Bxa5 56. Nb3 c2 57. Kxc2 Be1 58. a5 Bxg3 59. a6 Kc6 60. Kc3 Bxf4 61. Nc5 0-1

[Event "Monsaraz op"]
[Site "Monsaraz"]
[Date "2023.11.22"]
[Round "3"]
[White "Saine, Zachary"]
[Black "Utsab, Chatterjee"]
[Result "1-0"]
[WhiteElo "1956"]
[BlackElo "2302"]
[PlyCount "33"]
[EventDate "2023.11.21"]
[EventType "swiss"]
[EventRounds "9"]
[EventCountry "POR"]
[SourceTitle "CB49_2023"]
[SourceDate "2023.12.06"]
[SourceVersion "1"]
[SourceVersionDate "2023.12.06"]
[SourceQuality "1"]

1. e4 c5 2. Nf3 d6 3. d4 cxd4 4. Nxd4 Nf6 5. Nc3 a6 6. f3 e5 7. Nb3 Be6 8. Be3 Be7 9. Qd2 h5 10. 0-0-0 Nbd7 11. Kb1 Rc8 12. Nd5 Nxd5 13. exd5 Bf5 14. Rc1 b5 15. Na5 Nb6 16. Nc6 Qc7 17. Bxb6 1-0

[Event "Monsaraz op"]
[Site "Monsaraz"]
[Date "2023.11.21"]
[Round "1"]
[White "Zanan, Evgeny"]
[Black "Saine, Zachary"]
[Result "1-0"]
[WhiteElo "2486"]
[BlackElo "1956"]
[PlyCount "89"]
[EventDate "2023.11.21"]
[EventType "swiss"]
[EventRounds "9"]
[EventCountry "POR"]
[SourceTitle "CB49_2023"]
[SourceDate "2023.12.06"]
[SourceVersion "1"]
[SourceVersionDate "2023.12.06"]
[SourceQuality "1"]

1. d4 d5 2. c4 e6 3. Nf3 c6 4. g3 Bd6 5. Nbd2 f5 6. Bg2 Nf6 7. b3 Nbd7 8. Bb2 0-0 9. 0-0 a5 10. a4 Ne4 11. Qc2 Qe7 12. e3 b6 13. Ne5 Nxe5 14. dxe5 Bc5 15. Nf3 Ba6 16. Nd4 Rac8 17. Rfd1 Rfd8 18. Rac1 Bb4 19. f3 Nc5 20. Bf1 Bb7 21. Qf2 Nd7 22. cxd5 cxd5 23. Nb5 Rc5 24. Bd4 Rxc1 25. Rxc1 Nc5 26. Qc2 Bc6 27. Nd6 Be8 28. Bc3 Bxc3 29. Qxc3 Bh5 30. Kf2 g5 31. b4 axb4 32. Qxb4 Nd7 33. Rc7 Qf8 34. f4 Nf6 35. exf6 Qxd6 36. Qxd6 Rxd6 37. fxg5 e5 38. Rg7+ Kh8 39. Re7 d4 40. exd4 e4 41. Be2 Bg6 42. h4 h5 43. Rg7 Be8 44. f7 e3+ 45. Ke1 1-0

[Event "Maia op 7th"]
[Site "Maia"]
[Date "2023.08.29"]
[Round "5"]
[White "Saine, Zachary"]
[Black "Sijpkens, Michiel"]
[Result "0-1"]
[WhiteElo "1871"]
[BlackElo "2177"]
[PlyCount "103"]
[EventDate "2023.08.25"]
[EventType "swiss"]
[EventRounds "9"]
[EventCountry "POR"]
[SourceTitle "EXT 2024"]
[Source "ChessBase"]
[SourceDate "2023.10.10"]
[SourceVersion "1"]
[SourceVersionDate "2023.10.10"]
[SourceQuality "1"]

1. e4 c6 2. d4 d5 3. e5 Bf5 4. Ne2 e6 5. Ng3 Bg6 6. h4 h5 7. Bd3 Bxd3 8. cxd3 Qb6 9. Be3 Qxb2 10. Nd2 Qa3 11. Qe2 Na6 12. 0-0 Nb4 13. Rfb1 Nc2 14. Rb3 Qa4 15. Rab1 b5 16. Nf3 Nxe3 17. fxe3 g6 18. Qf2 Be7 19. e4 a6 20. Qc2 Rc8 21. exd5 exd5 22. Qd2 Kf8 23. Qf4 Kg7 24. Rf1 Nh6 25. Ng5 Rhf8 26. Rb2 c5 27. dxc5 Bxc5+ 28. Kh1 Qxf4 29. Rxf4 Be3 30. Rf1 Ng4 31. Re2 d4 32. e6 f6 33. N5e4 Rc6 34. Rb2 Rxe6 35. a4 Rb8 36. Rfb1 Ne5 37. axb5 Reb6 38. Nc5 Rxb5 39. Rxb5 Rxb5 40. Rxb5 axb5 41. Nge4 b4 42. g3 Kf7 43. Kg2 Ke7 44. Kf1 f5 45. Nf2 Kd6 46. Nb3 Kd5 47. Nd1 Nxd3 48. Ke2 Nc1+ 49. Nxc1 Bxc1 50. Kd3 b3 51. Nf2 Ba3 52. Nh3 0-1

[Event "Montreal Ligue elite du dimanche S10"]
[Site "Montreal"]
[Date "2019.02.24"]
[Round "3"]
[White "Saine, Zachary"]
[Black "Wu, Tony"]
[Result "1/2-1/2"]
[WhiteElo "2049"]
[BlackElo "1919"]
[PlyCount "94"]
[EventDate "2019.02.10"]
[EventType "swiss"]
[EventRounds "5"]
[EventCountry "CAN"]
[SourceTitle "EXT 2022"]
[Source "ChessBase"]
[SourceDate "2021.10.06"]
[SourceVersion "1"]
[SourceVersionDate "2021.10.06"]
[SourceQuality "1"]
[WhiteTeam "Kramnik's Immortals"]
[BlackTeam "Mannered Monkeys"]
[WhiteTeamCountry "CAN"]
[BlackTeamCountry "CAN"]

1. e4 c5 2. Nf3 d6 3. d4 cxd4 4. Nxd4 Nf6 5. Nc3 g6 6. Be3 Nc6 7. f3 Bg7 8. Bc4 0-0 9. Qd2 Bd7 10. 0-0-0 Na5 11. Bb3 Rb8 12. Kb1 b5 13. Bh6 Bxh6 14. Qxh6 e5 15. Nde2 Nxb3 16. cxb3 b4 17. Nd5 Nxd5 18. Rxd5 Be6 19. Rd2 Rb6 20. h4 Ra6 21. h5 g5 22. f4 gxf4 23. g3 f3 24. Nf4 Qe7 25. Nxe6 fxe6 26. Rf2 Rf6 27. Qe3 Qf7 28. g4 Rf4 29. Rhf1 Qb7 30. Rxf3 Qxe4+ 31. Qxe4 Rxe4 32. Rf8+ Kg7 33. R1f7+ Kh6 34. Rg8 Rf4 35. g5+ Kxh5 36. Rxh7+ Kg4 37. g6 Rc6 38. Rh1 Rc7 39. g7 Kf3 40. Rg1 Ke3 41. Re8 Rxg7 42. Rxg7 Rf1+ 43. Kc2 Rf2+ 44. Kd1 Rf1+ 45. Kc2 Rf2+ 46. Kd1 Rf1+ 47. Kc2 Rf2+ 1/2-1/2

[Event "Montreal op"]
[Site "Montreal"]
[Date "2018.09.09"]
[Round "5"]
[White "Saine, Zachary"]
[Black "Jacquet, Stephane"]
[Result "1-0"]
[WhiteElo "1876"]
[BlackElo "1935"]
[PlyCount "99"]
[EventDate "2018.09.07"]
[EventType "swiss"]
[EventRounds "5"]
[EventCountry "CAN"]
[SourceTitle "CBM 186 Extra"]
[Source "ChessBase"]
[SourceDate "2018.08.24"]
[SourceVersion "1"]
[SourceVersionDate "2018.08.24"]
[SourceQuality "1"]

1. e4 d6 2. d4 Nf6 3. Nc3 g6 4. Nf3 Bg7 5. Bd3 0-0 6. 0-0 Nc6 7. h3 e5 8. dxe5 Nxe5 9. Nxe5 dxe5 10. Be3 c6 11. a4 Nh5 12. Qc1 Qc7 13. Ne2 Be6 14. f4 exf4 15. Nxf4 Nxf4 16. Bxf4 Qb6+ 17. Be3 Bxb2 18. Bxb6 Bxc1 19. Bc5 Bh6 20. Bxf8 Bxf8 21. Rab1 b6 22. Rfd1 a5 23. Kf1 Bc5 24. Ke2 h5 25. Kf3 Kf8 26. Be2 Ke7 27. g4 hxg4+ 28. hxg4 Ba3 29. Ra1 Bd6 30. Rh1 Ra7 31. Rad1 Ra8 32. Rh7 Ba3 33. Kf4 Bd6+ 34. e5 Bb4 35. Bf3 Bd7 36. Be4 Rg8 37. Rxd7+ Kxd7 38. Rxf7+ Ke6 39. Rf6+ Ke7 40. Bxg6 Rf8 41. g5 Bd2+ 42. Kg4 Rxf6 43. exf6+ Ke6 44. Be4 b5 45. Bxc6 bxa4 46. Bxa4 Bc3 47. Kh5 Kf7 48. Bb3+ Kf8 49. Kg6 Bd4 50. Kf5 1-0

[Event "Montreal op"]
[Site "Montreal"]
[Date "2018.09.08"]
[Round "2"]
[White "Saine, Zachary"]
[Black "Durette, Francis"]
[Result "0-1"]
[WhiteElo "1876"]
[BlackElo "2080"]
[PlyCount "130"]
[EventDate "2018.09.07"]
[EventType "swiss"]
[EventRounds "5"]
[EventCountry "CAN"]
[SourceTitle "CBM 186 Extra"]
[Source "ChessBase"]
[SourceDate "2018.08.24"]
[SourceVersion "1"]
[SourceVersionDate "2018.08.24"]
[SourceQuality "1"]

1. e4 d6 2. d4 Nf6 3. Bd3 g6 4. Nf3 Bg7 5. 0-0 0-0 6. c3 Nbd7 7. Qc2 e5 8. dxe5 dxe5 9. Rd1 Qe7 10. b3 c5 11. a4 b6 12. Nbd2 Bb7 13. Nf1 Nh5 14. Ne3 Nf4 15. Bc4 Nf6 16. Nd5 N4xd5 17. exd5 Rad8 18. Bg5 h6 19. Bxf6 Qxf6 20. a5 e4 21. Qxe4 Rfe8 22. Qg4 Qxc3 23. axb6 axb6 24. h4 Bxd5 25. Rac1 Bxf3 26. gxf3 Qf6 27. Bb5 Re5 28. Bc4 Rxd1+ 29. Rxd1 Rh5 30. Kg2 Rxh4 31. Qg3 Rh5 32. Rd6 Rg5 33. Rxf6 Rxg3+ 34. fxg3 Bxf6 35. g4 Bh4 36. f4 Kg7 37. Kf3 Kf6 38. Ke4 Bg3 39. Be2 Bh2 40. Bc4 h5 41. g5+ Ke7 42. f5 gxf5+ 43. Kxf5 Bg3 44. Ke4 Kf8 45. Kf3 h4 46. Bf1 Kg7 47. Bd3 f6 48. g6 b5 49. Kg4 Kh6 50. Bxb5 Kxg6 51. Bd3+ Kf7 52. Bc4+ Ke7 53. Bg8 Kd6 54. Bh7 Ke5 55. Bg6 Kd4 56. Bf7 Ke3 57. Be6 Kf2 58. Bf5 Kg2 59. Be4+ Kh2 60. Bd3 h3 61. Bf1 Be1 62. Kf4 f5 63. Kf3 Bg3 64. Bd3 Kg1 65. Bxf5 h2 0-1

[Event "Quebec op"]
[Site "Quebec"]
[Date "2018.07.24"]
[Round "5"]
[White "Saine, Zachary"]
[Black "Malek, Omid"]
[Result "0-1"]
[WhiteElo "1899"]
[BlackElo "2055"]
[PlyCount "64"]
[EventDate "2018.07.21"]
[EventType "swiss"]
[EventRounds "9"]
[EventCountry "CAN"]
[SourceTitle "CBM 186 Extra"]
[Source "ChessBase"]
[SourceDate "2018.08.24"]
[SourceVersion "1"]
[SourceVersionDate "2018.08.24"]
[SourceQuality "1"]

1. e4 b6 2. d4 Bb7 3. Bd3 Nf6 4. Qe2 e6 5. f4 d5 6. e5 Ne4 7. Nf3 c5 8. c3 Qc8 9. Nbd2 Nxd2 10. Bxd2 Ba6 11. 0-0 Bxd3 12. Qxd3 Qa6 13. Qe3 g6 14. g4 Nd7 15. Ng5 Be7 16. Kh1 h6 17. Nh3 0-0-0 18. b4 h5 19. g5 cxb4 20. cxb4 Kb8 21. a4 Rc8 22. b5 Qb7 23. Ra2 Rc4 24. Nf2 Rhc8 25. Rfa1 R8c7 26. a5 bxa5 27. Bxa5 Rc8 28. Bd2 Rc2 29. Rxa7 Qxa7 30. Rxa7 Kxa7 31. Qe1 R8c4 32. Ba5 Rc1 0-1

[Event "Canadian op"]
[Site "Quebec"]
[Date "2018.07.12"]
[Round "7"]
[White "Saine, Zachary"]
[Black "Manley, Jason"]
[Result "1-0"]
[WhiteElo "1899"]
[BlackElo "2051"]
[PlyCount "103"]
[EventDate "2018.07.07"]
[EventType "swiss"]
[EventRounds "9"]
[EventCountry "CAN"]
[SourceTitle "EXT 2019"]
[Source "ChessBase"]
[SourceDate "2018.10.10"]
[SourceVersion "1"]
[SourceVersionDate "2018.10.10"]
[SourceQuality "1"]

1. e4 e5 2. Nf3 Nc6 3. Bc4 Nf6 4. Ng5 d5 5. exd5 Na5 6. Bb5+ c6 7. dxc6 bxc6 8. Be2 h6 9. Nh3 Bc5 10. d3 Nd5 11. Bf3 Bxh3 12. gxh3 Qh4 13. 0-0 0-0 14. Bxd5 cxd5 15. Qg4 Qf6 16. b4 e4 17. Bd2 h5 18. Qg2 g6 19. bxc5 Qxa1 20. Bxa5 Qd4 21. a3 Rfe8 22. dxe4 dxe4 23. Qg5 Re6 24. Bc3 Qd7 25. Qh6 f6 26. Qxg6+ Qg7 27. Qxg7+ Kxg7 28. Bd4 Kg6 29. Nc3 Kf5 30. Ne2 h4 31. Rb1 Ra6 32. Rb3 Rg8+ 33. Kf1 Ra4 34. f3 Rc4 35. fxe4+ Kxe4 36. Re3+ Kd5 37. c3 Ra4 38. Nf4+ Kc4 39. Re7 Rxa3 40. Rb7 a5 41. c6 Ra1+ 42. Ke2 Re8+ 43. Kf2 Ra2+ 44. Kf3 Ra1 45. c7 Rf1+ 46. Kg4 f5+ 47. Kg5 Rg8+ 48. Kf6 Re1 49. Ne6 Kd5 50. Nd8 Ree8 51. c8Q Ref8+ 52. Rf7 1-0

[Event "Canadian op"]
[Site "Quebec"]
[Date "2018.07.11"]
[Round "6"]
[White "Chang, Alexander Rz"]
[Black "Saine, Zachary"]
[Result "1/2-1/2"]
[WhiteElo "1597"]
[BlackElo "1899"]
[PlyCount "143"]
[EventDate "2018.07.07"]
[EventType "swiss"]
[EventRounds "9"]
[EventCountry "CAN"]
[SourceTitle "EXT 2019"]
[Source "ChessBase"]
[SourceDate "2018.10.10"]
[SourceVersion "1"]
[SourceVersionDate "2018.10.10"]
[SourceQuality "1"]

1. e4 e5 2. Nf3 Nc6 3. Bb5 f5 4. d3 fxe4 5. dxe4 Nf6 6. Bg5 Bc5 7. 0-0 d6 8. Nbd2 0-0 9. c3 a5 10. Bc4+ Kh8 11. Re1 Qe8 12. Bxf6 Rxf6 13. Nf1 Qg6 14. Ng3 Bg4 15. Be2 Raf8 16. Rf1 h5 17. Kh1 Qh6 18. h3 Bc8 19. Qc1 h4 20. Nf5 Qxc1 21. Raxc1 Bxf5 22. exf5 Rxf5 23. Nxh4 R5f6 24. Nf3 d5 25. Bb5 e4 26. Bxc6 bxc6 27. Ne5 Bxf2 28. Nd7 e3 29. Nxf6 Rxf6 30. Rc2 c5 31. Rd1 Re6 32. Re2 Rd6 33. g4 d4 34. Rd3 Bg3 35. Kg2 Be5 36. c4 g5 37. b3 a4 38. Kf3 Rf6+ 39. Kg2 Ra6 40. Kf3 Kg7 41. Rc2 Kf6 42. bxa4 Rxa4 43. Rb3 Ke6 44. Ke4 Ra8 45. Kf3 Rf8+ 46. Kg2 Rd8 47. Rd3 Rb8 48. a4 Rb1 49. Ra3 Rd1 50. Re2 Bf4 51. Kf3 Ke5 52. a5 Rh1 53. a6 Rxh3+ 54. Kg2 Rh2+ 55. Kf3 Rh3+ 56. Kg2 Rh8 57. Kf3 Ra8 58. a7 c6 59. Re1 d3 60. Rxe3+ Bxe3 61. Kxe3 d2 62. Kxd2 Kf4 63. Ke2 Kxg4 64. Ke3 Kf5 65. Ra5 Kg4 66. Rxc5 Rxa7 67. Rxc6 Kg3 68. Rg6 Re7+ 69. Kd4 g4 70. c5 Re1 71. Kd5 Rd1+ 72. Kc6 1/2-1/2

[Event "CAN-ch U18"]
[Site "Quebec"]
[Date "2018.07.03"]
[Round "3.1"]
[White "Turgeon, Yoakim"]
[Black "Saine, Zachary"]
[Result "0-1"]
[WhiteElo "1842"]
[BlackElo "2001"]
[PlyCount "70"]
[EventDate "2018.07.02"]
[EventType "swiss"]
[EventRounds "7"]
[EventCountry "CAN"]
[SourceTitle "EXT 2022"]
[Source "ChessBase"]
[SourceDate "2021.10.06"]
[SourceVersion "1"]
[SourceVersionDate "2021.10.06"]
[SourceQuality "1"]

1. d4 d5 2. e3 Nf6 3. Bd3 c5 4. c3 Nc6 5. f4 Bg4 6. Nf3 e6 7. Nbd2 Bd6 8. h3 Bxf3 9. Qxf3 Qc7 10. Nf1 h5 11. Nh2 c4 12. Bc2 0-0-0 13. e4 dxe4 14. Bxe4 Nxe4 15. Qxe4 g5 16. Rf1 gxf4 17. Bxf4 e5 18. Bg5 Rde8 19. d5 Nd8 20. 0-0-0 Kb8 21. Rf5 b5 22. Nf3 Nb7 23. Bf6 Nc5 24. Qe3 Rhg8 25. Nxe5 Nd3+ 26. Rxd3 cxd3 27. Qd4 d2+ 28. Kxd2 Rxg2+ 29. Kc1 Reg8 30. Nc6+ Ka8 31. Qd3 Bf4+ 32. Kb1 Rd2 33. Qf1 Be3 34. Be5 Qd7 35. Rxf7 Qxf7 0-1

[Event "Montreal Ligue elite du dimanche"]
[Site "Montreal"]
[Date "2018.05.27"]
[Round "3"]
[White "Chang, Alexander Rz"]
[Black "Saine, Zachary"]
[Result "1/2-1/2"]
[WhiteElo "1963"]
[BlackElo "1991"]
[PlyCount "73"]
[EventDate "2018.05.26"]
[EventType "swiss"]
[EventRounds "3"]
[EventCountry "CAN"]
[SourceTitle "EXT 2022"]
[Source "ChessBase"]
[SourceDate "2021.10.06"]
[SourceVersion "1"]
[SourceVersionDate "2021.10.06"]
[SourceQuality "1"]
[WhiteTeam "Grinders"]
[BlackTeam "Hakuna Matata"]
[WhiteTeamCountry "CAN"]
[BlackTeamCountry "CAN"]

1. e4 e5 2. Nf3 Nc6 3. Bc4 Nf6 4. d3 Be7 5. 0-0 0-0 6. Re1 d6 7. a4 h6 8. Nbd2 Nh7 9. Nf1 Bg5 10. Bxg5 Nxg5 11. Ne3 Kh8 12. c3 f5 13. exf5 Bxf5 14. Nxf5 Rxf5 15. Nxg5 Qxg5 16. Re3 Raf8 17. Re2 Ne7 18. Qd2 Qh4 19. Rf1 Rh5 20. h3 d5 21. Bb3 Rf3 22. Re3 Qg5 23. Bd1 Rxe3 24. Qxe3 Qxe3 25. fxe3 Rf5 26. Bg4 Rf6 27. Rxf6 gxf6 28. e4 c6 29. Kf2 Kg7 30. Be6 Kg6 31. g4 d4 32. c4 c5 33. b3 h5 34. Bd5 b6 35. Kg3 Kg5 36. h4+ Kh6 37. gxh5 1/2-1/2

[Event "Trois-Rivieres op"]
[Site "Trois Rivieres"]
[Date "2018.03.17"]
[Round "2.9"]
[White "Fortier, Marc Andre"]
[Black "Saine, Zachary"]
[Result "1-0"]
[WhiteElo "2229"]
[BlackElo "1990"]
[PlyCount "89"]
[EventDate "2018.03.16"]
[EventType "swiss"]
[EventRounds "5"]
[EventCountry "CAN"]
[SourceTitle "EXT 2022"]
[Source "ChessBase"]
[SourceDate "2021.10.06"]
[SourceVersion "1"]
[SourceVersionDate "2021.10.06"]
[SourceQuality "1"]

1. e4 e5 2. Nf3 Nc6 3. Bb5 a6 4. Ba4 Nf6 5. 0-0 Be7 6. Re1 b5 7. Bb3 d6 8. c3 0-0 9. h3 Na5 10. Bc2 c5 11. d4 Qc7 12. Nbd2 cxd4 13. cxd4 Nc6 14. d5 Nb4 15. Bb1 a5 16. Nf1 Bd7 17. Bd2 Na6 18. g4 Rfc8 19. Ng3 h6 20. Nf5 Bxf5 21. gxf5 Qc5 22. a3 a4 23. Be3 Qc7 24. Kh2 Nd7 25. Rg1 Kf8 26. Nd2 Bf6 27. Qh5 Nac5 28. Bc2 Nb6 29. Rg3 Ke7 30. Rag1 Rh8 31. Rxg7 Bxg7 32. Rxg7 Raf8 33. Bxh6 Ncd7 34. Bd3 Qc5 35. Bg5+ Ke8 36. Qe2 b4 37. Be3 Qa5 38. Bb5 bxa3 39. bxa3 Rfg8 40. Rxg8+ Rxg8 41. Nc4 Nxc4 42. Qxc4 Ke7 43. Bxd7 Kxd7 44. Qc6+ Ke7 45. f6+ 1-0

[Event "Quebec-ch U18"]
[Site "Montreal"]
[Date "2018.01.14"]
[Round "6"]
[White "Saine, Zachary"]
[Black "Li, Yilin"]
[Result "1-0"]
[WhiteElo "1999"]
[BlackElo "1952"]
[PlyCount "58"]
[EventDate "2018.01.12"]
[EventType "tourn"]
[EventRounds "6"]
[EventCountry "CAN"]
[SourceTitle "EXT 2022"]
[Source "ChessBase"]
[SourceDate "2021.10.06"]
[SourceVersion "1"]
[SourceVersionDate "2021.10.06"]
[SourceQuality "1"]

1. e4 c5 2. Nf3 d6 3. d4 cxd4 4. Nxd4 Nf6 5. Nc3 a6 6. f3 e6 7. Be3 Be7 8. Qd2 b5 9. a3 Bb7 10. Be2 Nbd7 11. 0-0-0 d5 12. exd5 Nxd5 13. Nxd5 Bxd5 14. Nf5 0-0 15. Kb1 Nf6 16. Nxe7+ Qxe7 17. Bg5 Rfc8 18. Rhe1 Rab8 19. Bd3 Bc4 20. Re3 Rd8 21. f4 Rd5 22. Rg3 Kf8 23. Qc3 Rbd8 24. b4 h6 25. Bh4 Rh5 26. Rg4 Rxh4 27. Rxh4 Ne4 28. Qe1 Nc3+ 29. Qxc3 Qxh4 1-0